[Event "Madrid-chT 2021"]
[Site "Madrid"]
[Date "2021.02.28"]
[Round "2.2"]
[White "Martin Duque, Jesus"]
[Black "Martin Garcia, Guillermo Li"]
[Result "1-0"]
[WhiteElo "2439"]
[BlackElo "2240"]
[PlyCount "59"]
[EventDate "2021.01.23"]
[EventType "team-tourn"]
[EventRounds "14"]
[EventCountry "ESP"]
[SourceTitle "EXT 2022"]
[Source "ChessBase"]
[SourceDate "2021.10.06"]
[SourceVersion "1"]
[SourceVersionDate "2021.10.06"]
[SourceQuality "1"]
[WhiteTeam "Collado Villalba"]
[BlackTeam "Vallecas CDV"]
[WhiteTeamCountry "ESP"]
[BlackTeamCountry "ESP"]

1. e4 e5 2. Nf3 Nc6 3. Bb5 a6 4. Ba4 d6 5. 0-0 Bd7 6. Re1 Nge7 7. c3 Ng6 8. d4 Be7 9. Be3 h6 10. Nbd2 Bg5 11. d5 Nb8 12. Nxg5 hxg5 13. Bxd7+ Nxd7 14. b4 Nf4 15. Nf1 Qf6 16. c4 Rh4 17. c5 Qh6 18. Rc1 Ke7 19. cxd6+ cxd6 20. Rc7 Rh8 21. Bxf4 gxf4 22. Qa4 b5 23. Qc2 f3 24. Rxd7+ Kxd7 25. Qc6+ Ke7 26. Qc7+ Ke8 27. Rc1 Qg5 28. g3 R4h6 29. Rc6 f5 30. Qb7 1-0

[Event "Benasque op 36th"]
[Site "Benasque"]
[Date "2016.07.08"]
[Round "2"]
[White "Martin Garcia, Guillermo Li"]
[Black "Forcen Esteban, Daniel"]
[Result "0-1"]
[WhiteElo "2166"]
[BlackElo "2565"]
[PlyCount "83"]
[EventDate "2016.07.07"]
[EventType "swiss"]
[EventRounds "10"]
[EventCountry "ESP"]
[SourceTitle "CBM 173 Extra"]
[Source "ChessBase"]
[SourceDate "2016.08.29"]
[SourceVersion "1"]
[SourceVersionDate "2016.08.29"]
[SourceQuality "1"]

1. e4 c5 2. b3 g6 3. Bb2 Nf6 4. e5 Nd5 5. Bc4 Nb6 6. e6 f6 7. exd7+ Bxd7 8. Qe2 Nxc4 9. Bxf6 Rg8 10. bxc4 Nc6 11. d3 Qb6 12. Bc3 Bg7 13. Qd2 Nd4 14. Ne2 Qe6 15. Bxd4 Bxd4 16. c3 Bf6 17. 0-0 0-0-0 18. Na3 Bc6 19. Rad1 h5 20. d4 Bd7 21. Qb2 h4 22. Nf4 Qg4 23. Nd5 h3 24. f3 Qxg2+ 25. Qxg2 hxg2 26. Kxg2 Bh4 27. Ne3 Rgf8 28. f4 Bf6 29. Rd2 Rh8 30. Rf3 Rh4 31. Kg1 Rf8 32. Nac2 Bc6 33. d5 Bd7 34. Ng2 Rh3 35. Rdf2 Bf5 36. Re3 Rfh8 37. Nge1 R8h5 38. Kh1 b6 39. Kg1 Kd8 40. Rg3 Ke8 41. Re3 Kf7 42. Rg3 0-1

[Event "Madrid-chT 1516"]
[Site "Madrid"]
[Date "2016.02.07"]
[Round "9.14"]
[White "Suarez Uriel, Adrian"]
[Black "Martin Garcia, Guillermo Li"]
[Result "1-0"]
[WhiteElo "2278"]
[BlackElo "2165"]
[PlyCount "87"]
[EventDate "2015.11.22"]
[EventType "team-tourn"]
[EventRounds "14"]
[EventCountry "ESP"]
[SourceTitle "EXT 2017"]
[Source "ChessBase"]
[SourceDate "2016.10.25"]
[SourceVersion "1"]
[SourceVersionDate "2016.10.25"]
[SourceQuality "1"]
[WhiteTeam "La Casa del Ajedrez"]
[BlackTeam "Vallecas CDV"]
[WhiteTeamCountry "ESP"]
[BlackTeamCountry "ESP"]

1. e4 e5 2. Nf3 Nc6 3. Bb5 a6 4. Ba4 d6 5. 0-0 Bd7 6. c3 Nge7 7. d4 Ng6 8. Re1 Be7 9. Nbd2 h6 10. Nf1 Bg5 11. Ne3 Bxe3 12. Bxe3 0-0 13. b4 Re8 14. Bc2 b6 15. a4 Qe7 16. Qd2 Rad8 17. Kh1 Qf6 18. Bd3 Bc8 19. d5 Nce7 20. c4 Nh4 21. Ng1 g5 22. a5 bxa5 23. Rxa5 Qg7 24. c5 f5 25. f3 f4 26. Bf2 Nhg6 27. Bxa6 h5 28. Bxc8 Nxc8 29. Qe2 Nf8 30. c6 Nh7 31. b5 Kh8 32. Rb1 Rg8 33. b6 cxb6 34. Bxb6 Rdf8 35. Bf2 Qf6 36. Qe1 Qg6 37. Qd1 Kg7 38. Rb8 g4 39. Raa8 Qg5 40. Be1 Nf6 41. Bf2 Qg6 42. Rb7+ Rf7 43. Qf1 gxf3 44. gxf3 1-0

[Event "Madrid-chT 1516"]
[Site "Madrid"]
[Date "2015.11.29"]
[Round "2.13"]
[White "Guadamuro Torrente, Anabel"]
[Black "Martin Garcia, Guillermo Li"]
[Result "0-1"]
[WhiteElo "2147"]
[BlackElo "2165"]
[PlyCount "148"]
[EventDate "2015.11.22"]
[EventType "team-tourn"]
[EventRounds "14"]
[EventCountry "ESP"]
[SourceTitle "EXT 2017"]
[Source "ChessBase"]
[SourceDate "2016.10.25"]
[SourceVersion "1"]
[SourceVersionDate "2016.10.25"]
[SourceQuality "1"]
[WhiteTeam "La Casa del Ajedrez"]
[BlackTeam "Vallecas CDV"]
[WhiteTeamCountry "ESP"]
[BlackTeamCountry "ESP"]

1. e4 e5 2. Bc4 Nf6 3. d3 Nc6 4. Nf3 Bc5 5. c3 d6 6. Bb3 a6 7. Nbd2 Ba7 8. 0-0 h6 9. Nc4 Bg4 10. Be3 Nh7 11. Bxa7 Nxa7 12. Ne3 Bh5 13. Nf5 Qf6 14. Ng3 Bxf3 15. Qxf3 Qxf3 16. gxf3 Nf6 17. d4 Nc8 18. Nf5 Ne7 19. dxe5 dxe5 20. Nxg7+ Kf8 21. Nf5 Nxf5 22. exf5 Rg8+ 23. Kh1 Rg5 24. Bc2 Rd8 25. Rad1 Rd6 26. Rfe1 Nd7 27. Be4 b6 28. b4 Rh5 29. a4 Rh4 30. Rd5 Rf4 31. Red1 Ke7 32. c4 Rxd5 33. Rxd5 Nf6 34. Rd2 Nxe4 35. fxe4 Rxe4 36. Rc2 c5 37. bxc5 bxc5 38. Kg2 a5 39. Kg3 Kf6 40. Rc3 Kxf5 41. Rf3+ Rf4 42. Rc3 Ke4 43. Rb3 Kd4 44. Rb5 Kxc4 45. Rxa5 Rf6 46. Ra7 Kb4 47. a5 c4 48. Rc7 Kb5 49. a6 Rxa6 50. Kf3 Rc6 51. Rb7+ Kc5 52. Rxf7 c3 53. Ke2 Kd5 54. Rd7+ Ke4 55. f3+ Kf5 56. Rd1 c2 57. Rc1 Kf4 58. Kf2 Rc3 59. Ke2 h5 60. Kd2 Rc7 61. Ke2 Kf5 62. Kd3 Kf4 63. Ke2 h4 64. Kf2 h3 65. Ke2 Rc3 66. Kd2 Rxf3 67. Ke2 Rc3 68. Kd2 Rc7 69. Rf1+ Ke4 70. Re1+ Kd5 71. Kc1 e4 72. Rg1 Rf7 73. Rg3 Rf3 74. Rg8 Rf2 0-1

[Event "ESP-ch U18"]
[Site "Salobrena"]
[Date "2015.07.31"]
[Round "7"]
[White "Martin Garcia, Guillermo Li"]
[Black "Garriga Cazorla, Pere"]
[Result "0-1"]
[WhiteElo "2240"]
[BlackElo "2461"]
[PlyCount "60"]
[EventDate "2015.07.27"]
[EventType "swiss"]
[EventRounds "9"]
[EventCountry "ESP"]
[SourceTitle "EXT 2016"]
[Source "ChessBase"]
[SourceDate "2015.10.08"]
[SourceVersion "1"]
[SourceVersionDate "2015.10.08"]
[SourceQuality "1"]

1. e4 e5 2. Nf3 Nc6 3. Bc4 Bc5 4. c3 Nf6 5. d3 0-0 6. Bb3 d5 7. Qe2 a5 8. a4 Be6 9. Nbd2 Qd7 10. 0-0 Rfe8 11. Re1 Rad8 12. Bc2 h6 13. Nf1 Ng4 14. Ne3 Nxe3 15. Bxe3 Bxe3 16. Qxe3 f5 17. exf5 Bxf5 18. Nh4 Bh7 19. Qg3 Qf7 20. Re3 Kh8 21. Nf3 e4 22. Nd4 Nxd4 23. cxd4 Qf6 24. Rae1 Qxd4 25. Qxc7 Rc8 26. Qd7 Rf8 27. Bd1 exd3 28. Rf3 Be4 29. Rfe3 d2 30. Rf1 Bd3 0-1

[Event "ESP-ch U18"]
[Site "Salobrena"]
[Date "2015.07.31"]
[Round "8"]
[White "Portela Peleteiro, Alberto"]
[Black "Martin Garcia, Guillermo Li"]
[Result "1-0"]
[WhiteElo "2105"]
[BlackElo "2240"]
[PlyCount "67"]
[EventDate "2015.07.27"]
[EventType "swiss"]
[EventRounds "9"]
[EventCountry "ESP"]
[SourceTitle "EXT 2016"]
[Source "ChessBase"]
[SourceDate "2015.10.08"]
[SourceVersion "1"]
[SourceVersionDate "2015.10.08"]
[SourceQuality "1"]

1. e4 e5 2. Nf3 Nc6 3. Nc3 Nf6 4. d4 exd4 5. Nxd4 Bb4 6. Nxc6 bxc6 7. Bd3 d5 8. exd5 cxd5 9. 0-0 0-0 10. Bg5 c6 11. Qf3 Be7 12. Rae1 Rb8 13. Ne2 Ng4 14. Bf4 Bd6 15. h3 Nf6 16. b3 Bxf4 17. Qxf4 Rb6 18. Ng3 c5 19. Nf5 Bxf5 20. Qxf5 Qc7 21. c4 d4 22. Re5 Rc6 23. Rfe1 g6 24. Qf3 Nd7 25. Re7 Qd6 26. Qg4 Nf6 27. Qh4 Ra6 28. Bb1 Kg7 29. Qg5 Ra8 30. g3 Rc6 31. Bf5 h6 32. Qxg6+ Kh8 33. Rxf7 Rf8 34. Qg7# 1-0

[Event "ESP-ch U18"]
[Site "Salobrena"]
[Date "2015.07.29"]
[Round "4"]
[White "Martin Garcia, Guillermo Li"]
[Black "Prado Acebo, Ines"]
[Result "1-0"]
[WhiteElo "2240"]
[BlackElo "2029"]
[PlyCount "48"]
[EventDate "2015.07.27"]
[EventType "swiss"]
[EventRounds "9"]
[EventCountry "ESP"]
[SourceTitle "EXT 2016"]
[Source "ChessBase"]
[SourceDate "2015.10.08"]
[SourceVersion "1"]
[SourceVersionDate "2015.10.08"]
[SourceQuality "1"]

1. e4 c5 2. b3 e6 3. Nf3 d6 4. Bb2 Nf6 5. Bb5+ Nbd7 6. Nc3 Qc7 7. d4 cxd4 8. Qxd4 a6 9. Bxd7+ Bxd7 10. 0-0-0 0-0-0 11. Nd2 Bc6 12. Nc4 Nxe4 13. Nxe4 Bxe4 14. Qxe4 d5 15. Qh4 dxc4 16. Rxd8+ Qxd8 17. Qxc4+ Qc7 18. Qg4 Rg8 19. Rd1 Bc5 20. Rd3 Kb8 21. Qe4 Rd8 22. Be5 Bd6 23. Rxd6 Rxd6 24. Qf4 Qd8 1-0

[Event "La Roda op 41st"]
[Site "La Roda"]
[Date "2014.04.17"]
[Round "2"]
[White "Martin Garcia, Guillermo Li"]
[Black "Campora, Daniel Hugo"]
[Result "0-1"]
[WhiteElo "2121"]
[BlackElo "2458"]
[PlyCount "102"]
[EventDate "2014.04.16"]
[EventType "swiss"]
[EventRounds "9"]
[EventCountry "ESP"]
[SourceTitle "CBM 159 Extra"]
[Source "ChessBase"]
[SourceDate "2014.04.24"]
[SourceVersion "1"]
[SourceVersionDate "2014.04.24"]
[SourceQuality "1"]

1. e4 e5 2. Nf3 Nc6 3. Bb5 a6 4. Ba4 Nf6 5. d3 d6 6. c3 Be7 7. 0-0 0-0 8. Nbd2 b5 9. Bb3 Na5 10. Bc2 c5 11. Re1 Re8 12. Nf1 Bf8 13. h3 Bb7 14. Ng3 g6 15. Nh2 Bg7 16. Be3 Qc7 17. Qf3 h5 18. Rac1 c4 19. d4 h4 20. Ngf1 d5 21. dxe5 dxe4 22. Qf4 Nd5 23. Qxh4 Nxe3 24. Nxe3 Qxe5 25. Nhg4 Qe7 26. Qg3 Kh7 27. Nf1 f5 28. Ngh2 Bh6 29. Rcd1 Rad8 30. Rxd8 Qxd8 31. Rd1 Qe7 32. Qd6 Qf7 33. Ne3 Nc6 34. Qc5 Ne5 35. Nhf1 Nd3 36. Bxd3 cxd3 37. a4 bxa4 38. Qd4 Bc6 39. Nc4 Qd7 40. Qf6 Re6 41. Qh4 Qe7 42. Qxe7+ Rxe7 43. g3 Bd5 44. Nce3 Bb3 45. Ra1 Rb7 46. Nd2 Bxe3 47. fxe3 Bf7 48. Rxa4 Rxb2 49. Nf1 Bb3 50. Rb4 a5 51. Rb7+ Kh6 0-1

[Event "Navalmoral op 19th"]
[Site "Navalmoral"]
[Date "2013.12.05"]
[Round "1"]
[White "Martin Garcia, Guillermo Li"]
[Black "Forcen Esteban, Daniel"]
[Result "1/2-1/2"]
[WhiteElo "2105"]
[BlackElo "2511"]
[PlyCount "167"]
[EventDate "2013.12.05"]
[EventType "swiss"]
[EventRounds "7"]
[EventCountry "ESP"]
[SourceTitle "CBM 157 Extra"]
[Source "ChessBase"]
[SourceDate "2013.12.19"]
[SourceVersion "1"]
[SourceVersionDate "2013.12.19"]
[SourceQuality "1"]

1. e4 c5 2. Nf3 d6 3. c3 Nf6 4. h3 Nc6 5. Bd3 g5 6. Bc2 g4 7. hxg4 Bxg4 8. d4 Qb6 9. dxc5 dxc5 10. Na3 Ne5 11. Bf4 Nfd7 12. Bxe5 Nxe5 13. Nc4 Rd8 14. Nxb6 Rxd1+ 15. Rxd1 Bxf3 16. gxf3 axb6 17. Ba4+ Nc6 18. Rh5 e6 19. Ke2 h6 20. Bxc6+ bxc6 21. Rg1 f6 22. f4 Kf7 23. a3 c4 24. Rd1 Ke8 25. Rd4 b5 26. a4 c5 27. Rd1 bxa4 28. Ra1 Rh7 29. Rxa4 Rb7 30. Ra2 Kf7 31. f5 exf5 32. Rxf5 Kg6 33. Kd2 h5 34. Kc2 Rh7 35. Ra6 Be7 36. Ra1 h4 37. Rg1+ Kf7 38. Rh1 Ke6 39. Rh3 Bd6 40. Rd5 Rh8 41. Kd1 Rh7 42. Ke2 Rb7 43. Rd2 Bf4 44. Rc2 Rh7 45. Kf3 Ke5 46. Re2 Bc1 47. Kg4 Rg7+ 48. Kf3 Rh7 49. Kg2 Rg7+ 50. Kh1 Bg5 51. Rf3 Bf4 52. Rh3 Bg5 53. Kg2 Bc1+ 54. Kf3 Bg5 55. Kg4 Bf4+ 56. Kf3 Bg5 57. Rh1 Rd7 58. Kg4 Rh7 59. Kh3 Rd7 60. Rf1 Kf4 61. f3 Rd8 62. Rg2 Rd3 63. Rg4+ Ke5 64. Kg2 Be3 65. f4+ Kxe4 66. f5+ Kd5 67. Rxh4 Rd2+ 68. Kf3 Bg5 69. Rh7 Rxb2 70. Rd7+ Ke5 71. Re1+ Kxf5 72. Rd5+ Kg6 73. Rxc5 Rc2 74. Rxc4 Bd2 75. Rg1+ Kf7 76. Rc7+ Ke6 77. c4 Rc3+ 78. Ke2 Bf4 79. Rc8 Kf5 80. c5 Ke4 81. Re8+ Be5 82. Rg4+ Kf5 83. Ra4 Rxc5 84. Ra6 1/2-1/2

[Event "ESP-ch U16"]
[Site "Salobrena"]
[Date "2012.07.20"]
[Round "8"]
[White "Juanes Garcia, Olaya"]
[Black "Martin Garcia, Guillermo Li"]
[Result "1/2-1/2"]
[WhiteElo "1766"]
[BlackElo "1963"]
[PlyCount "71"]
[EventDate "2012.07.16"]
[EventType "swiss"]
[EventRounds "9"]
[EventCountry "ESP"]
[SourceTitle "EXT 2014"]
[Source "ChessBase"]
[SourceDate "2013.11.20"]
[SourceVersion "1"]
[SourceVersionDate "2013.11.20"]
[SourceQuality "1"]

1. e4 e5 2. Nf3 Nc6 3. d4 exd4 4. Bc4 Bc5 5. c3 Nf6 6. cxd4 Bb4+ 7. Bd2 Nxe4 8. Bxb4 Nxb4 9. Bxf7+ Kxf7 10. Qb3+ d5 11. Qxb4 Rf8 12. 0-0 Kg8 13. Nc3 Ng5 14. Ne5 c6 15. Na4 Ne6 16. g3 Qg5 17. Kh1 Qf5 18. f3 h5 19. Nc5 Nxc5 20. Qxc5 Qg5 21. Qc3 Bf5 22. b4 Rac8 23. Rac1 Qf6 24. Qb3 Qd6 25. a3 Rc7 26. Qe3 Qe7 27. Rc3 g5 28. Re1 g4 29. f4 Qd6 30. Qc1 Rh7 31. Kg1 Qh6 32. Re2 Qd6 33. Rf2 Rg7 34. Qd1 Ra8 35. Qb3 Rf8 36. Qd1 1/2-1/2

[Event "ESP-ch U16"]
[Site "Salobrena"]
[Date "2012.07.18"]
[Round "4"]
[White "Gutierrez Valero, Mario"]
[Black "Martin Garcia, Guillermo Li"]
[Result "0-1"]
[WhiteElo "2135"]
[BlackElo "1963"]
[PlyCount "106"]
[EventDate "2012.07.16"]
[EventType "swiss"]
[EventRounds "9"]
[EventCountry "ESP"]
[SourceTitle "EXT 2014"]
[Source "ChessBase"]
[SourceDate "2013.11.20"]
[SourceVersion "1"]
[SourceVersionDate "2013.11.20"]
[SourceQuality "1"]

1. d4 d5 2. Nf3 Nf6 3. c4 e6 4. g3 dxc4 5. Bg2 Bd7 6. a4 Bc6 7. Qc2 Nbd7 8. Qxc4 Bd5 9. Qd3 Be4 10. Qd1 c5 11. Nc3 Bc6 12. 0-0 cxd4 13. Nxd4 Bxg2 14. Kxg2 Bc5 15. e4 0-0 16. Be3 Qe7 17. h3 Rfd8 18. Qe2 Ne5 19. Rad1 Rac8 20. f4 Nc4 21. Bf2 Bb4 22. e5 Nd5 23. Nxd5 Rxd5 24. Rc1 Nb6 25. Rxc8+ Nxc8 26. Rc1 Nb6 27. b3 g6 28. Qe4 Bc5 29. Rd1 Qd7 30. Qe3 Nc8 31. Qc3 Ne7 32. b4 Bxd4 33. Rxd4 Qxa4 34. Rxd5 Nxd5 35. Qc8+ Kg7 36. Qxb7 a6 37. Bc5 Qc2+ 38. Kf3 Qd3+ 39. Kf2 Nc3 40. Qf3 Ne4+ 41. Kg2 Qc2+ 42. Bf2 Nxf2 43. Qxf2 Qe4+ 44. Qf3 Qxb4 45. Qa8 Qd2+ 46. Kf1 a5 47. Qe8 Qd1+ 48. Kf2 a4 49. Qe7 Qd2+ 50. Kf1 Qd3+ 51. Kf2 a3 52. Qf6+ Kg8 53. Qe7 Qd4+ 0-1

[Event "Tres Cantos op 4th"]
[Site "Tres Cantos"]
[Date "2012.06.24"]
[Round "4"]
[White "Alvarez Gonzalez, Eduardo"]
[Black "Martin Garcia, Guillermo Li"]
[Result "0-1"]
[WhiteElo "1773"]
[BlackElo "1977"]
[PlyCount "106"]
[EventDate "2012.06.21"]
[EventType "swiss"]
[EventRounds "9"]
[EventCountry "ESP"]
[SourceTitle "CBM 149 Extra"]
[Source "ChessBase"]
[SourceDate "2012.08.24"]
[SourceVersion "1"]
[SourceVersionDate "2012.08.24"]
[SourceQuality "1"]

1. d4 Nf6 2. c4 g6 3. Nc3 Bg7 4. e4 d6 5. Nf3 0-0 6. Be2 Nbd7 7. 0-0 e5 8. d5 Nc5 9. Qc2 a5 10. Ne1 Nfd7 11. Be3 f5 12. f3 f4 13. Bf2 g5 14. Nd3 Nxd3 15. Qxd3 Rf7 16. a3 Bf8 17. b4 b6 18. Na4 Rg7 19. Qc2 h5 20. c5 bxc5 21. bxc5 g4 22. g3 gxf3 23. Bxf3 fxg3 24. hxg3 h4 25. Kg2 hxg3 26. Bxg3 Nxc5 27. Nxc5 Qh4 28. Qf2 Qh3+ 29. Kg1 Rxg3+ 30. Bg2 Rxg2+ 31. Qxg2+ Qxg2+ 32. Kxg2 dxc5 33. Rab1 Ba6 34. Rf3 a4 35. Kf2 Bg7 36. Rg3 Kf7 37. Rbg1 Bf6 38. Rh3 Rg8 39. Rgh1 Be7 40. Rh7+ Ke8 41. Rb1 Rf8+ 42. Kg3 Kd7 43. Rc1 Kd6 44. Rh6+ Rf6 45. Rh8 Bd3 46. Ra8 c4 47. Rxa4 Rf4 48. Ra5 Kd7 49. a4 Rxe4 50. Kf3 Re3+ 51. Kxe3 Bg5+ 52. Kf2 Bxc1 53. Ra7 Bd2 0-1

[Event "Benidorm op U2200 10th"]
[Site "Benidorm"]
[Date "2011.12.09"]
[Round "9"]
[White "Gomez Salinas, Nestor"]
[Black "Martin Garcia, Guillermo Li"]
[Result "0-1"]
[WhiteElo "1877"]
[BlackElo "1926"]
[PlyCount "81"]
[EventDate "2011.12.02"]
[EventType "swiss"]
[EventRounds "10"]
[EventCountry "ESP"]
[SourceTitle "CBM 145 Extra"]
[Source "ChessBase"]
[SourceDate "2012.01.03"]
[SourceVersion "1"]
[SourceVersionDate "2012.01.03"]
[SourceQuality "1"]

1. e4 e5 2. Nf3 Nc6 3. d4 exd4 4. Nxd4 Nf6 5. Nxc6 bxc6 6. Bd3 Bb4+ 7. Bd2 Bxd2+ 8. Nxd2 0-0 9. 0-0 d5 10. e5 Ng4 11. h3 Nxe5 12. Bxh7+ Kxh7 13. Qh5+ Kg8 14. Qxe5 Re8 15. Qh5 Qf6 16. Rfe1 Bf5 17. c3 Rab8 18. Nb3 Bg6 19. Qg4 Re5 20. Qd4 Rbe8 21. Rxe5 Rxe5 22. f4 Re6 23. Qxf6 Rxf6 24. g3 Bf5 25. Kg2 Be4+ 26. Kh2 Kf8 27. Re1 Re6 28. Nc5 Re7 29. Nxe4 Rxe4 30. Rxe4 dxe4 31. f5 Ke7 32. g4 Kd6 33. Kg3 Ke5 34. b3 c5 35. f6 g5 36. Kf2 Kxf6 37. Ke3 Ke5 38. a4 a6 39. a5 c6 40. b4 cxb4 41. cxb4 0-1

[Event "ESP-ch U14"]
[Site "Padron"]
[Date "2011.07.16"]
[Round "8"]
[White "Garcia Acosta, Roger"]
[Black "Martin Garcia, Guillermo Li"]
[Result "1/2-1/2"]
[WhiteElo "1879"]
[BlackElo "1955"]
[PlyCount "72"]
[EventDate "2011.07.12"]
[EventType "swiss"]
[EventRounds "9"]
[EventCountry "ESP"]
[SourceTitle "CBM 143 Extra"]
[Source "ChessBase"]
[SourceDate "2011.08.29"]
[SourceVersion "1"]
[SourceVersionDate "2011.08.29"]
[SourceQuality "1"]

1. e4 Nf6 2. e5 Nd5 3. d4 d6 4. c4 Nb6 5. exd6 exd6 6. Nf3 Bg4 7. Be2 Be7 8. 0-0 0-0 9. Nc3 Nc6 10. d5 Bxf3 11. Bxf3 Ne5 12. b3 Bf6 13. Bb2 Nbd7 14. Be2 Ng6 15. Qd2 Re8 16. f4 Qe7 17. Bg4 Qe3+ 18. Qxe3 Rxe3 19. Bxd7 Bxc3 20. Bxc3 Rxc3 21. g3 Rd8 22. Ba4 Re3 23. Rfe1 Re7 24. Rxe7 Nxe7 25. Re1 Kf8 26. Kf2 f6 27. b4 Kf7 28. Kf3 g6 29. g4 Nc8 30. h4 Ne7 31. Bb3 Nc8 32. Re6 Re8 33. Rxe8 Kxe8 34. a4 Ne7 35. Ke3 f5 36. Kf3 c6 1/2-1/2

[Event "ESP-ch U14"]
[Site "Padron"]
[Date "2011.07.16"]
[Round "7"]
[White "Martin Garcia, Guillermo Li"]
[Black "Abal Cores, Lucas"]
[Result "1-0"]
[WhiteElo "1955"]
[BlackElo "1815"]
[PlyCount "73"]
[EventDate "2011.07.12"]
[EventType "swiss"]
[EventRounds "9"]
[EventCountry "ESP"]
[SourceTitle "CBM 143 Extra"]
[Source "ChessBase"]
[SourceDate "2011.08.29"]
[SourceVersion "1"]
[SourceVersionDate "2011.08.29"]
[SourceQuality "1"]

1. e4 e5 2. Nf3 Nf6 3. Nxe5 d6 4. Nf3 Nxe4 5. Nc3 Nxc3 6. dxc3 d5 7. Bf4 c6 8. Qd2 Be7 9. 0-0-0 Nd7 10. Kb1 0-0 11. Bd3 Nc5 12. h4 Bf6 13. Bg5 Ne6 14. Bxf6 Qxf6 15. Ng5 g6 16. Nxe6 Bxe6 17. f4 Bf5 18. h5 Rae8 19. hxg6 fxg6 20. Bxf5 Qxf5 21. g3 Re4 22. Rh6 Rfe8 23. Rdh1 Re2 24. Qd1 R8e7 25. Rxh7 Rxh7 26. Rxh7 Qe4 27. Rh1 Qe3 28. a3 Rg2 29. Qg4 Qe8 30. Qh3 Qe4 31. Qh8+ Kf7 32. Rh7+ Ke6 33. Qg8+ Kf5 34. Qc8+ Kf6 35. Qf8+ Ke6 36. Re7+ Kd6 37. Rxe4+ 1-0

[Event "ESP-ch U14"]
[Site "Padron"]
[Date "2011.07.15"]
[Round "6"]
[White "Pruja Ramirez de Cartagena, Eduardo"]
[Black "Martin Garcia, Guillermo Li"]
[Result "0-1"]
[WhiteElo "1735"]
[BlackElo "1955"]
[PlyCount "44"]
[EventDate "2011.07.12"]
[EventType "swiss"]
[EventRounds "9"]
[EventCountry "ESP"]
[SourceTitle "CBM 143 Extra"]
[Source "ChessBase"]
[SourceDate "2011.08.29"]
[SourceVersion "1"]
[SourceVersionDate "2011.08.29"]
[SourceQuality "1"]

1. e4 e5 2. d4 exd4 3. Qxd4 Nc6 4. Qe3 g6 5. Nc3 Bg7 6. Bd2 Nf6 7. 0-0-0 0-0 8. Qg3 Re8 9. Bd3 Nb4 10. h3 d5 11. exd5 Nbxd5 12. Bc4 c6 13. Bg5 Qb6 14. Bxf6 Nxf6 15. Bb3 Be6 16. Nf3 a5 17. Na4 Qa7 18. Bxe6 Rxe6 19. Qc7 Nd5 20. Rxd5 cxd5 21. Ng5 Rf6 22. Nb6 Qxb6 0-1